| 000 | 00606nac a22001811u 4500 | ||
|---|---|---|---|
| 020 | _a8120325168 | ||
| 082 |
_a005.74 _bN6918 |
||
| 090 |
_c767 _d767 |
||
| 100 | _a20080729 | ||
| 245 | _aDatabase Development-an Overview. | ||
| 260 |
_aNew Delhi : _bPrentice-Hall of India, _c2004. |
||
| 300 |
_a432 p. : _bill. ; _c24 cm. |
||
| 650 | _aDatabase management. | ||
| 650 | _aDatabase design. | ||
| 710 | _aNIIT (Corporation) | ||
| 942 |
_cBB _k005.74N6918 |
||
| 999 |
_c767 _d767 |
||